000 00521nam a2200229Ia 4500
003 OSt
005 20220912152615.0
006 a|||||r|||| 00| 0
007 ta
008 220909b |||||||| |||| 00| 0 eng d
024 _a39665
037 _cTextual
040 _aCSL
_beng
_cCSL
041 _aeng
082 _aG1:(C), J5
100 _aSchrodinger E
245 0 _aWhat is life
260 _c1944
300 _ap.
_ccm.
942 _hG1:(C), J5
_cTEXL
_2CC
999 _c89339
_d89339